00997nam a2200265 i 4500001000300000111005200003245017800055260004500233300003500278504002400313650003000337650002500367655002900392015001800421020001500439040000800454041000800462080001600470920001800486942000700504008004100511999001700552856009800569952006400667bg2 aIWA Specialized Conferenced(2005 ;cKraków).10aNutrient management in wastewater treatment processes and recycle streams :bIWA Specialized Conference, Kraków, Poland, 19-21 September 2005 : the conference proceedings. aKraków :bLemtech Konsulting,c[2005]. a[12], 1480 s. :bil. ;c25 cm. aBibliogr. przy ref. 9aOczyszczalnia ścieków 9aŚciekixgospodarka aMateriały konferencyjne aPB 14500/2006 a8392114019 cBPK apol a628.32(061) a83-921140-1-9 cKS s pl f |000 0 pol  c53243d53243 uhttp://koha.tu.koszalin.pl/cgi-bin/koha/opac-detail.pl?biblionumber=53243yKatalog online BPK 00104071aELBUDbELBUDcbo82953p02369761t628.3 ŚyKS